{"text_format":"3","workbook":"xlsx","n_sheets":1,"sheets":["Sheet1"],"read":"whole","date_system":"1900"}

{"sheet":"Sheet1","index":0,"n_rows":36,"n_cols":7,"rows_kept":36,"merged":[[0,0,0,6],[9,0,10,0],[9,1,10,1],[9,2,10,2],[9,3,10,3],[9,4,10,4],[9,5,10,5],[9,6,10,6],[22,0,29,0],[22,1,29,1],[22,2,29,2],[22,3,29,3],[22,4,29,4],[22,5,29,5],[22,6,29,6],[30,0,34,0],[30,1,34,1],[30,2,34,2],[30,3,34,3],[30,4,34,4],[30,5,34,5],[30,6,34,6]]}
["航空模拟仓配套设备采购内容及技术要求"]
["序号","采购内容","数量","单价","总价","技术参数","计量单位"]
[1,"餐车",4,{"$f":"E3/C3","v":3600},14400,"航空客舱服务餐车\n车体材质：铝合金\n车轮：橡胶轮4个\n高度：103CM\n宽度：30.5CM\n长度：81CM\n可放抽屉：14个\n开门：两侧\n脚刹：两侧","辆"]
[2,"冰桶、冰夹",6,120,720,"工艺：镜面抛光，不锈钢材\n颜色：钢本色\n规格：1.0L（口径*底径*高度：14CM*9CM*12CM）\n带冰夹、滤垫片\n适用：需能与航空餐车配套使用","套"]
[3,"咖啡机",1,1500,1500,"咖啡机型：意式\n压力：20Bar\n功率：850W\n水箱容量：1.6L\n可打奶泡\n蒸汽调节：可调节\n独立温杯区：有独立温杯区\n水箱是否可拆卸：可拆卸水箱","台"]
[4,"旅客水壶 （茶壶、咖啡壶）",12,200,2400,"材质：ABS\n特点：不烫手、不滴漏\n容量：1.5升\n用途：咖啡、茶、饮料等\n适用：需能与航空餐车配套使用","个"]
[5,"毛毯",20,60,1200,"材质：100%膨体睛纶\n规格：1200*1800mm\n适用：航空客舱服务","条"]
[6,"靠枕",20,70,1400,"枕套材质：涤棉\n枕芯材质：优质化纤\n分体设计，枕套可拆卸进行水洗\n尺寸：29cm*39cm\n适用：航空客舱服务","个"]
[7,"大托盘（黑色）",20,130,2600,"材料：密胺树脂\n尺寸：38*27cm\n适用：需能与航空餐车配套使用","个"]
[8,"CPR假人",2,1500,3000,"模拟人解刨特征明显，手感真实，肤色统一，形态逼真，外形美观。\n1.模拟标准气道开放\n2.模拟人工手位胸外按压。按压深度正确（5-6cm）\n3.人工口对口呼吸（吹气）：吹入潮气量正确（500-1000ml）\n4.按压与人工呼吸比：30:2（单人或双人）\n5.操作周期：先按压再2次有效人工吹气，按压与人工吹气30:2五个循环周期CPR操作。\n6.操作频率：100-120/分钟\n7.操作模式：训练操作\n8.检查瞳孔反映：模拟瞳孔由一只散大与一只缩小的比较认识：\n9.材料特点：面皮肤、颈皮肤、胸皮肤、头发，采用进口热塑弹性体混合胶材料，由不锈钢模具、经注塑机高温注压而成，经久耐用、消毒清洗不变形，拆装更换方便等特点，其材料达到国外同等水平。\n10.模型下半身采用高弹性海绵制成，具有外形美观，携带轻便的特点。洗不变形，拆装更换方便等特点，其材料达到国外同等水平。\n配置清单：\n1.全身心肺复苏人体模型一具\n2.外箱一套，尺寸：86*44*33CM 重量8KG\n3.复苏操作垫一条\n4.屏障面膜（50张/盒）一盒\n5.可换肺袋装置四套\n6.可换面皮一只\n7.2015操作指南光盘一张\n8.急救手册一本\n9.使用说明书一本\n10保修卡合格证一套","个"]
[]
[9,"纸杯（300只）",3,{"$f":"E12/C12","v":20},60,"容量：250毫升\n产品尺寸：75mm*53mm*88mm\n材质：原木浆纸、大豆油墨\n耐热度：120°左右\n适用：需能与航空餐车配套使用","包"]
[10,"塑料杯（300只）",6,10,60,"容量：180ML\n食品级材质，加厚耐用\n不含BPA\n耐高温\n适用：需能与航空餐车配套使用","包"]
[11,"小毛巾（50条/包）",2,100,200,"30克纯棉\n尺寸：25*25cm\n适用：航空客舱服务","包"]
[12,"计数器",10,16,160,"计数范围：0-9999\n机身材质：加厚金属材料\n旋钮材质：塑胶\n工作环境：-20℃-60℃\n计数方式：手按机械式\n产品尺寸：31*47*60MM\n适用：航空迎客点客","个"]
[13,"手表（女款14只、男款6只）",20,100,2000,"机芯：石英机芯\n表带宽度：18MM/14MM（男/女）\n表盘直径：38MM/28MM（男/女）\n表壳材质：金属\n表带材质：皮革\n表扣类型：针扣","个"]
[14,"钟表",2,60,120,"10英寸（直径：25.5CM)","个"]
[15,"锡纸餐盒（125只/包）",1,65,65,"材质：铝箔\n容量：450毫升\n工艺：模压成型\n规格：170*110*35cm\n适用：航空配餐餐盒，需能与航空客舱服务餐车配套使用","包"]
[16,"塑料水盒",6,70,420,"尺寸：约为375*270*105mm\n材质：航空塑料\n适用：需能与航空餐车、航空箱配套使用","个"]
[17,"氧气瓶",2,7000,14000,"规格：57*11*9cm\n适用：航空客舱应急处置设备\n功能描述：手提氧气瓶需适用于飞行时在飞机座舱内游动医疗救助。氧气瓶为独立的氧气系统，需为高压氧气瓶，在70°F时其充气压力达到1800PSIG。氧气瓶上有压力表，显示氧气瓶的压力，同时也显示氧气瓶内的氧气量。关断活门用于控制高压氧气瓶供到头部连接组件。氧气瓶头部连接组件内有压力调节器，需可以调节供往氧气面罩的压力和流量。关断活门顺时针方向转动是关断，逆时针方向转动是打开。只有插入氧气面罩接头才会有氧气留到氧气面罩，手提氧气瓶需附带面罩。","个"]
[18,"防护式呼吸设备PBE",2,5000,10000,"适用：航空客舱应急处置设备\n功能描述：PBE是防护呼吸面罩，是民航飞机上的机组救生设备之一。PBE是Protective Breathing Equipment的简写，中文名称为防护呼吸面罩。PBE是用于客舱乘务员和机组人员在客舱失火和有浓烟时使用，可以保护灭火者的眼睛和呼吸道不受火和烟的侵害，包含：头戴式和半身式两种","个"]
[19,"应急医疗箱",1,2000,2000,"材质：铝合金、中纤版\n内含：血压计、听诊器、静脉止血带、脐带夹、医用口罩、医用橡胶手套、皮肤消毒剂、0.9%氯化钠、体温计（非水银式）、润眼液、防冻膏、1:1000肾上腺素注射液、盐酸苯海拉明注射液、硝酸甘油片、醋酸基水杨酸（阿司匹林）口服片、口咽气道（三种规格）注射器（2ml、5ml）、药品使用说明书及物品清单、知情同意书","个"]
[20,"客舱应急设备展示板",1,53695,53695,"客舱应急设备展示板字样采用发光字设计。每个应急设备名称标注采用中英文双语标注，应急设备之间间距适当，展示板架采用符合国标的Q235A镀锌方管挤压切割焊接成型与1.5mm厚镀锌板制作成主体，采用当前主流喷漆工艺涂装，中心挂板采用环保最高等级E0级木质板材，铝型材包边处理。固定应急设备卡扣、卡托外观形状、颜色、工作原理、固定方式、装取方式与真实飞机无异。底部安装福马轮，福马轮可移动、可固定位置。应急设备展板上包含：1、扩音器，航空教具：扩音器是一种操作简便的即时声音放大装置，部分机型的扩音器有警报插销，该插销仅在寻找援助或撤离召集旅客时使用。2、手电筒，航材件：应急手电筒为应急时使用的照明工具,将手电从存放位置取下后，自动发光。3、救生衣（旅客），航材件：救生衣是用于海上脱离时使用的。旅客救生衣是黄色的，装有一个定位灯，存放在各自的位置上。其功能是遇水自动发光，给幸存者定位以便救援。4、婴儿救生衣，航材件：救生衣是用于海上脱离时使用的。婴儿救生衣有两个气囊，背部有三个对扣的扣子。救生衣上有一个水激电池提供电源的定位灯和供成人拉住婴儿的短绳。5、加长安全带，航空教具：用于肥胖或孕妇，使用时在正常安全带基础上再加长一部分。6、婴儿安全带，航空教具：用于两岁以内的婴幼儿使用，使用时将婴儿安全带环装圈穿入成人安全带，是母子紧紧连在一起。7、安全演示包(含：安全带、救生衣、 氧气面罩、等比例模拟安全须知卡)，航空教具：演示成人安全带可对扣，使用时将一端插片插入另一端锁扣内；救生衣是用于海上脱离时使用的；氧气面罩是旅客用于吸氧的工具。安全须知卡是乘客自己可借熟知“10大安全知识”,在乘坐飞机中保证自己的人身安全。8、灭火器（海伦灭火器），航空教具：海伦灭火器的主要成分是卤代烃，在氮气的压力作用下，灭火剂成雾状喷出。使用时间 10 秒，容量0.25 立升。9、灭火器（水灭火器），航空教具：水基型灭火器其灭火器机理为物理性灭火器原理。灭火剂主要有碳氢表面活性剂、氟碳表面活性剂、阻燃剂和助剂组成。10、便携式氧气瓶（任意一种），航空教具：手提式氧气瓶主要用于客舱乘务员在应急情况下以及机上急救时的供氧。由高流量和低流量两个氧气出口向氧气面罩内输送氧气。11、应急定位发射器（任意一种），航空教具：应急定位发射器是在飞机遇险后，向外界发出救生信号时使用的。定位发射器是自浮式双频率电台，电台发射频率是国际民航组织通用的遇难时发出求救信号的频率。12、防护式呼吸保护装置，航材件：防护式呼吸装置（PBE），是用于客舱乘务员和机组人员在客舱封闭区域失火和有浓烟时使用的，它可以保护灭火者的眼睛和呼吸道不受烟雾、毒气和火的伤害。13、救生包（任意三样物品，例如：反光镜、信号筒、海水染色剂、哨子等）航空教具：反光镜是将发射光源照到参照物上，通过视窗孔可看到小白亮点。慢慢将小白点向目标移动。通过视窗孔，使小白点与目标重叠；信号筒是用外界发出应急信号。信号筒有2中功能，即白天和夜晚；海水染色剂—这种颜色鲜亮的海水染色剂的应用范围很广，用起作为落水之后的视觉搜救指示标志，节省大部分救援时间，提高飞行员的生还率。14、卫生防疫包，航空教具：用于清洁、消除客舱内血液、尿液、呕吐物和排泄物等潜在传染源，并在护理疑似传染病人时提供个人防护。15、应急医疗箱，航空教具：用于旅客或机组人员意外受伤或者医学急症的应急医疗处置。16、急救箱，航空教具：用于旅客或机组人员受伤需要止血、包扎、固定和心肺复苏等应急医疗处理。17、灭火毯，航空教具：在发生火灾时，将防火逃生毯披盖在自己身体或包裹住被救对象的身体，迅速逃离火场，为自救或安全疏散人群提供了很好的帮助。 如果真正出现火灾意外后，可以穿上灭火毯，那就可以大大减少被烧伤的危险了。18、救生斧，航空教具：飞机上的救生斧可以用于机上火灾时劈开舱壁靠近着火点。19、机组救生衣，航材件：救生衣是用于海上脱离时使用的。机组救生衣是红色的，装有一个定位灯，存放在各自的位置上。其功能是遇水自动发光，给幸存者定位以便救援。20、石棉手套、航空教具：阻燃、防热，性能优越，适用于耐高温作业使用。21、护目镜，航空教具：护目镜是利用改变透过光强和光谱，可以避免辐射光对眼睛造成伤害。22、人工释放工具，航空教具：当氧气面罩不能自动脱落时，可采用工具手动释放。23、防滑绳，航空教具：飞机大部分还健全时扣在座椅下方的铝合金杆上，也可以扣在飞机门口的扶手上，水上逃生时，可以扣在救生船侧面的系留绳上，另外一端的锁扣是绑住被救援者的，通常是环住被救援者，锁扣扣在系留绳上。上述所有应急设备均安装在展板上。","个"]
{"$rows_empty":7}
[21,"航空服务VR智慧教学系统",1,20000,20000,"机型：B737/A320\n模块一：机上急救\n（1）课程场景描述：三维虚拟仿真飞机客舱内外场景，飞机以真实学校教学常用机型的B737-800为原型进行设计制作，空乘服务角色满足常用的乘务组编制，包含了机上乘务员（5名不同类型）、机长（1名）；前舱设备包括内话系统、厨房设备、海伦灭火器、水灭火器、急救医药箱等设施；场景中具有不同待机状态的乘客角色（如机上旅客坐着休息、聊天、看报纸等三维人物角色）；在经济舱中和后舱包括通话、洗手间设施、海伦灭火器、水灭火器、手电筒等设备设施；飞机降落陆地后飞机失火冒烟，乘客跳下滑梯奔跑到安全场地等详细场景。\n（2）操作内容：通过模拟在客舱内有旅客突发病状晕倒且无意识、心跳、自主呼吸时的急救过程。包括对患者意识的判断、检查患者呼吸与心跳、进行胸外按压、开放气道、进行人工呼吸、持续高效的心肺复苏等。使学员掌握基本急救知识—心肺复苏的操作流程。\n模块二：特殊旅客（盲人）服务\n（1）课程场景描述：三维虚拟仿真飞机客舱内外场景，飞机以真实学校教学常用机型的B737-800为原型进行设计制作，空乘服务角色满足常用的乘务组编制，包含了机上乘务员（5名不同类型）、机长（1名）；前舱设备包括内话系统、厨房设备、海伦灭火器、水灭火器、急救医药箱等设施；场景中具有不同待机状态的乘客角色（如机上旅客坐着休息、聊天、看报纸等三维人物角色）；在经济舱中和后舱包括通话、洗手间设施、海伦灭火器、水灭火器、手电筒等设备设施；飞机降落陆地后飞机失火冒烟，乘客跳下滑梯奔跑到安全场地等详细场景。\n（2）操作内容：通过模拟登机过程中有特殊旅客（盲人）进行登机的情况下，乘务人员按标准对特殊旅客进行服务，包括：盲人旅客不能安排坐在出口位、帮助其系好安全带，让其用手触摸并告之解开方法、告知其呼唤铃的位置并让其触摸灯内容。使学员特殊旅客服务有一个全面的了解并掌握特殊旅客服务内容。\n模块三：客舱服务（送餐）\n（1）课程场景描述：三维虚拟仿真飞机客舱内外场景，飞机以真实学校教学常用机型的B737-800为原型进行设计制作，空乘服务角色满足常用的乘务组编制，包含了机上乘务员（5名不同类型）、机长（1名）；前舱设备包括内话系统、厨房设备、海伦灭火器、水灭火器、急救医药箱等设施；场景中具有不同待机状态的乘客角色（如机上旅客坐着休息、聊天、看报纸等三维人物角色）；在经济舱中和后舱包括通话、洗手间设施、海伦灭火器、水灭火器、手电筒等设备设施；飞机降落陆地后飞机失火冒烟，乘客跳下滑梯奔跑到安全场地等详细场景。\n（2）模拟空乘人员在餐食服务-送餐过程中的各个环节，包括：提供餐食；询问旅客所需餐食；送餐中从里到外、由旅客左边向右边、先女宾后男宾的送餐顺序、手推餐车脚刹使用等操作。使学员了解餐食服务的流程及内容，并能按规范进行餐食服务。\n","套"]
[]
[]
[]
[]
[{"$nulls":5},"以上商品质保期一年"]